| 000 | 05892nam a22005057a 4500 | ||
|---|---|---|---|
| 001 | BRCA_8255 | ||
| 002 | T-4 | ||
| 003 | FranzMayer | ||
| 005 | 20260605183550.0 | ||
| 006 | a||||fr|||| 000 0 | ||
| 007 | ta | ||
| 008 | 260605s1616 ne|be||fr|||| 000 0 lat d | ||
| 040 |
_aBMFM _bspa |
||
| 041 | 0 | _alat | |
| 050 | 0 |
_aG1025 _b.T3 1616 |
|
| 100 | 1 |
_aBertius, Petrus, _d(1565-1629), _ecartógrafo y autor _936241 |
|
| 245 | 1 | 0 |
_aTabvularvm geographicarvm contractarvm Libri Septem: _bIn quibus tabulae omnes gradibus distinctae, descriptiones accuratae, caetera supra priores editiones politiora, auctioraque ad Christianissimum Galliae et Navarrae Regem Ludovicum XIII / _cPetrus, Bertius |
| 246 | 1 | 4 | _aTabularum geographicarum contractarum libri septem |
| 260 |
_aÁmsterdam, Países Bajos: _bJodicus Hondius, _c1616 |
||
| 300 |
_a[15], 829, [10] páginas: _bGrabados de mapas y planos; _c13.5 x 19.7 x 6.5 cm |
||
| 520 | 3 |
_aAtlas geográfico elaborado por el cartógrafo y geógrafo flamenco Petrus Bertius y publicado por el impresor y grabador Jodocus Hondius en Ámsterdam. Basado en el "Caert Thresoor" de Langenes (1598), este atlas fue diseñado en un formato portátil con la idea de hacerlo accesible tanto para estudiosos, como para un público más amplio interesado en la geografía del mundo conocido hasta entonces.
Dividido en siete secciones, el atlas incluye más de 220 mapas que abarcan todos los continentes: desde mapas del mundo y las regiones polares, hasta representaciones detalladas de Europa, Asia, África y América. La mayoría incluyen cartelas, monstruos marinos, rosas de los vientos y otros elementos ornamentales que lo convierten en una obra de arte editorial. _bDedicado al rey Luis XIII de Francia, este libro marcó un hito en la cartografía neerlandesa gracias a que logró conjuntar precisión científica, síntesis didáctica y portabilidad. La buena recepción que tuvo propició la creación de múltiples reediciones en distintos idiomas y lo consolidó como uno de los atlas de referencia en la Europa del siglo XVII. |
|
| 563 | _aOtras referencias físicas: Encuadernación entera en pergamino. El papel del cuerpo del libro está formado por pulpa de trapo, hecho a mano, con marcas de verjurado y marcas de agua. El cuerpo del libro está formado por cuadernillos unidos mediante costura seguida sobre tres soportes sencillos y elevados de piel alumada; las prolongaciones de los soportes se usaron para unir el cuerpo a la cartera. Hojas de guarda repuesta; debajo de las contraguardas repuestas quedan restos de las contraguardas previas. Lomera ligeramente redonda con endoses transversales de material no identificado en los paneles 2 y 3. Cabezadas tejidas con hilo azul sobre almas de piel alumada y prolongaciones enlazadas a la cartera. Cantos refinados y pulidos. Soportes de las tapas de cartón. Rótulo en el lomo con el título.Texto impreso | ||
| 591 | _aEstado de Conservación: Bueno | ||
| 591 | _bDescripción de conservación: Las hojas de guarda son reposiciones. En la parte posterior de la portada tiene un injerto antiguo para cubrir un faltante. Suciedad; hojas oxidadas; roturas, dobleces y manchas leves en las hojas; manchas en la cartera, roturas en las cañuelas de la cofia de cabeza, y en la cañuela anterior de la cofia de pie | ||
| 592 | _aMarcas Adicionales: Exlibris de franz Mayer. Exlibris de C. Künne Charlottenburg. Resto del título e información en la portada: <<In quibus tabulae omnes gradibus distinctae, descriptiones accuratae, caetera supra priores editiones politiora, auctioraque ad Christianissimum Galliae et Navarrae Regem Ludovicum XIII.>> (En las cuales todas las láminas están diferenciadas por grados, con descripciones precisas, y lo demás más pulido y aumentado que en las ediciones anteriores, dedicado al Cristianísimo Rey de Francia y Navarra, Luis XIII). Dedicatoria a Luis XIII, rey de Francia (página [1]). Versos escritos por: Bon. Vulcanivs, Daniel Heinsivs, Idem, Joannes Mevrsivs, M. Ger. Vossivs, Petrvs Scriverivs, D. Heremita, M. Tvl. (páginas [7] y [15]). Tabla comparativa de la obra de Bertius con la geografía de Ptolomeo. Incluye: <<Summa Privilegii.>>: <<Privilegio Illustrium Ordinum Generalium cautum est, ne quis Tabulas Geographicas emendatius ornatiufque a Petro Bertio Philosophia in Academia Lugduno-batava Professore Ordinario, per Iudocum Hondium editas cum gradibus fuis, positionibus, & descriptionibus, intra hoc proximus septennium citra auroris voluntaten vel eaipfa forma, vel majore minoreue excudat, vel alibi quacumque lingua excusas in hisca provincys divendat, venumne exponant, sub poenain privilegy ipsius Diplomate latius expressa Hage Comitis die IX Marty Anno MDCXVI. Sign. Henr. Feith>> . Presenta 221 mapas y planos grabados decorados con barcos o animales. Incluye reclamos. | ||
| 593 | _aColección adicional: Atlas | ||
| 650 | 1 | 0 |
_aEarly maps _yEarly works to 1800 _936242 |
| 650 | 1 | 0 |
_aGeography _yEarly works to 1800 _936243 |
| 650 | 1 | 0 |
_aMaps _yEarly works to 1800 _936244 |
| 650 | 1 | 0 |
_aCartography _xHistory _y18th century _936245 |
| 650 | 1 | 0 |
_aEurope _vMaps _y Early works to 1800 _936246 |
| 650 | 1 | 0 |
_aAsia _vMaps _yEarly works to 1800 _936247 |
| 650 | 1 | 0 |
_aAfrica _vMaps _yEarly works to 1800 _936248 |
| 650 | 1 | 0 |
_aAmerica _vMaps _yEarly works to 1800 _936249 |
| 650 | 1 | 0 |
_aPolar regions _vMaps _yEarly works to 1800 _936250 |
| 655 | 0 |
_aAtlases _yEarly works to 1800 _936251 |
|
| 655 | 0 |
_aAtlas _936252 |
|
| 655 | 0 |
_aWorld atlases _936253 |
|
| 655 | 0 |
_aWorld maps _yEarly works to 1800 _936254 |
|
| 700 | 1 |
_aHondius, Jodicus, _d(1563-1612), _egrabador y editor _936255 |
|
| 856 | 4 | 1 |
_qTIFF//PDF _uhttps://bibliotecadigital.franzmayer.org.mx/items/729e43d3-d6f0-4627-8bce-9c79dd24398c _yBiblioteca Digital Franz Mayer |
| 902 |
_aKH _aFM _aTV |
||
| 942 |
_cB _hG1025 _iT3 _2lcc |
||
| 960 | _aCS-L2-N1 | ||
| 999 |
_c22508 _d22508 |
||